[Event "Neumarkt am Wallersee op 14th"]
[Site "Neumarkt am Wallersee"]
[Date "2015.08.28"]
[Round "7"]
[White "Veigl, Thomas"]
[Black "Fleischer, Frank"]
[Result "1/2-1/2"]
[WhiteElo "1956"]
[BlackElo "2195"]
[PlyCount "178"]
[EventDate "2015.08.22"]
[EventType "swiss"]
[EventRounds "9"]
[EventCountry "AUT"]
[SourceTitle "EXT 2016"]
[Source "ChessBase"]
[SourceDate "2015.10.08"]
[SourceVersion "1"]
[SourceVersionDate "2015.10.08"]
[SourceQuality "1"]

1. d4 e6 2. c4 f5 3. Nf3 Nf6 4. Nc3 Be7 5. g3 0-0 6. Bg2 Ne4 7. Qc2 d5 8. 0-0 Nc6 9. a3 a5 10. Rd1 Qd7 11. Ne5 Nxe5 12. dxe5 Nxc3 13. Qxc3 c6 14. e4 fxe4 15. Bxe4 Qe8 16. Bg2 Bd7 17. Be3 Qh5 18. f4 a4 19. Rf1 Qf5 20. Rad1 Be8 21. h3 h5 22. Kh2 Bg6 23. c5 Qc2 24. Qxc2 Bxc2 25. Rd2 Bb3 26. Bf3 Bc4 27. Be2 Bxe2 28. Rxe2 Ra5 29. Rc2 Rb5 30. Rff2 g6 31. Kg2 Kg7 32. h4 Rb8 33. Rc3 b6 34. Rfc2 bxc5 35. Bxc5 Bxc5 36. Rxc5 Rxc5 37. Rxc5 Rxb2+ 38. Kh3 Rb6 39. Ra5 Rb7 40. Rxa4 Rc7 41. Kg2 c5 42. Kf3 Rb7 43. Ra8 Rb3+ 44. Kf2 Rb2+ 45. Ke3 d4+ 46. Ke4 Rb3 47. f5 gxf5+ 48. Kf4 c4 49. Ra4 Rc3 50. Kg5 Rxg3+ 51. Kxh5 Rc3 52. Kg5 Rg3+ 53. Kh5 Rg4 54. Rxc4 Kf7 55. a4 d3 56. Rc6 Rd4 57. Rc1 Rxa4 58. Rd1 Rd4 59. Rd2 Kg7 60. Kg5 Kf7 61. Kh5 f4 62. Kg4 Kg6 63. h5+ Kh7 64. Kh4 Kg7 65. Kg4 Kh6 66. Kh4 Re4 67. Kg4 Rxe5 68. Kxf4 Rd5 69. Ke4 Rxh5 70. Rxd3 Kg6 71. Rf3 Ra5 72. Rf8 Rb5 73. Ra8 Kf6 74. Rf8+ Ke7 75. Rh8 Ra5 76. Rg8 Kf7 77. Rb8 Ra1 78. Ke5 Re1+ 79. Kf4 Re2 80. Rb7+ Kf6 81. Rb8 e5+ 82. Kf3 Ra2 83. Re8 Ra3+ 84. Ke4 Ra4+ 85. Ke3 Rb4 86. Kf3 Kf5 87. Rf8+ Ke6 88. Re8+ Kf6 89. Ke3 Rh4 1/2-1/2

[Event "Bayern-chI Bank Hofmann 16th"]
[Site "Bad Wiessee"]
[Date "2012.10.27"]
[Round "1"]
[White "Graf, Alexander"]
[Black "Veigl, Thomas"]
[Result "1/2-1/2"]
[WhiteElo "2605"]
[BlackElo "1918"]
[PlyCount "120"]
[EventDate "2012.10.27"]
[EventType "swiss"]
[EventRounds "9"]
[EventCountry "GER"]
[SourceTitle "EXT 2013"]
[Source "ChessBase"]
[SourceDate "2012.11.22"]
[SourceVersion "1"]
[SourceVersionDate "2012.11.22"]
[SourceQuality "1"]

1. d4 Nf6 2. c4 g6 3. Nc3 Bg7 4. e4 d6 5. f3 0-0 6. Be3 e5 7. Nge2 Nc6 8. d5 Ne7 9. g4 Nd7 10. h4 f5 11. g5 f4 12. Bf2 Kf7 13. Bh3 Nb6 14. c5 Bxh3 15. Rxh3 Nbc8 16. Qb3 b6 17. c6 Rh8 18. Qc4 a6 19. Ng1 h6 20. Qf1 Na7 21. a4 Qc8 22. Qg2 a5 23. Rh1 hxg5 24. hxg5 Qa6 25. Nge2 Rxh1+ 26. Qxh1 Rh8 27. Qg2 Qc8 28. Kd2 Qh3 29. Rg1 Qxg2 30. Rxg2 Nec8 31. Nc1 Bf8 32. Nd3 Be7 33. Rg4 Bd8 34. Rh4 Rh5 35. b4 axb4 36. Nxb4 Bxg5 37. Rxh5 gxh5 38. Na6 Bd8 39. Ke2 Kg6 40. Kf1 Ne7 41. Kg2 Kf7 42. Kh3 Nec8 43. Bh4 Ke8 44. Bxd8 Kxd8 45. Kh4 Ne7 46. Nb4 Ng8 47. Kxh5 Nf6+ 48. Kg6 Ke7 49. Nb5 Nxb5 50. axb5 Ng8 51. Kg7 Nf6 52. Kh6 Kd8 53. Nc2 Ng8+ 54. Kg6 Ne7+ 55. Kf7 Nc8 56. Na3 Na7 57. Kf6 Ke8 58. Ke6 Kd8 59. Kf7 Nc8 60. Ke6 Na7 1/2-1/2

[Event "Weiz-ch op 11th"]
[Site "Weiz"]
[Date "2012.03.24"]
[Round "4"]
[White "Kropik, Martin"]
[Black "Veigl, Thomas"]
[Result "1-0"]
[WhiteElo "2075"]
[BlackElo "1889"]
[PlyCount "59"]
[EventDate "2012.03.21"]
[EventType "swiss"]
[EventRounds "5"]
[EventCountry "AUT"]
[SourceTitle "EXT 2024"]
[Source "ChessBase"]
[SourceDate "2023.10.10"]
[SourceVersion "1"]
[SourceVersionDate "2023.10.10"]
[SourceQuality "1"]

1. d4 Nf6 2. c4 g6 3. Nc3 Bg7 4. e4 d6 5. f4 c5 6. d5 e6 7. Nf3 0-0 8. Be2 exd5 9. cxd5 a6 10. a4 Re8 11. Nd2 Re7 12. 0-0 Ne8 13. Nc4 f5 14. e5 dxe5 15. fxe5 Bxe5 16. Nxe5 Rxe5 17. Bf4 Rxe2 18. Qxe2 Nd7 19. Qe6+ Kg7 20. Rfe1 Ndf6 21. Qe3 b6 22. d6 Ra7 23. Rad1 Rf7 24. Nd5 Bd7 25. Bh6+ Kg8 26. Qb3 Nxd5 27. Qxd5 Nf6 28. Bg5 Nxd5 29. Bxd8 Bc6 30. Be7 1-0